| 000 | 00524cam a2200205ua 4500 | ||
|---|---|---|---|
| 001 | 8059 | ||
| 005 | 20260515114305.0 | ||
| 008 | 150108n ii |||gr||||Z||||||hin | ||
| 040 | _cMAIN | ||
| 041 | _ahin | ||
| 082 | _a491.43 | ||
| 100 |
_aPathak, R. M., _eAuthor. |
||
| 245 | 1 |
_aBhasa bigyan abong hindi bhasa aur lipi _cBy Raghubansh Moni Pathak |
|
| 250 | _a2nd. | ||
| 260 |
_aAgra: _bPratibha, _c1994. |
||
| 300 | _a315p. | ||
| 653 | _aEast Indo-European & Celtic languages | ||
| 653 | _aHindi language | ||
| 942 | _cBK | ||
| 999 |
_c7171 _d7171 |
||